<?xml version="1.0" encoding="UTF-8"?>
<record
    xmlns:xsi="http://www.w3.org/2001/XMLSchema-instance"
    xsi:schemaLocation="http://www.loc.gov/MARC21/slim http://www.loc.gov/standards/marcxml/schema/MARC21slim.xsd"
    xmlns="http://www.loc.gov/MARC21/slim">

  <leader>01042nam a2200205 a 4500</leader>
  <controlfield tag="001">000038621</controlfield>
  <controlfield tag="003">DO-SdBNP</controlfield>
  <controlfield tag="005">20240412134404.0</controlfield>
  <controlfield tag="008">100322s2006    cu            001 0 spa d</controlfield>
  <datafield tag="040" ind1=" " ind2=" ">
    <subfield code="a">DO-SdBNP</subfield>
    <subfield code="b">spa</subfield>
    <subfield code="c">BNPHU</subfield>
  </datafield>
  <datafield tag="082" ind1=" " ind2=" ">
    <subfield code="a">xxxx</subfield>
    <subfield code="b">xxx</subfield>
  </datafield>
  <datafield tag="245" ind1="0" ind2="0">
    <subfield code="a">Historia de las bibliotecas </subfield>
  </datafield>
  <datafield tag="260" ind1=" " ind2=" ">
    <subfield code="a">La Habana, Cuba :</subfield>
    <subfield code="b">F&#xE9;liz Varela,</subfield>
    <subfield code="c">2006.</subfield>
  </datafield>
  <datafield tag="300" ind1=" " ind2=" ">
    <subfield code="a">2 v. ;</subfield>
    <subfield code="c">22 cm.</subfield>
  </datafield>
  <datafield tag="500" ind1=" " ind2=" ">
    <subfield code="a">El volumen 2 incluye &#xED;ndice anal&#xED;tico</subfield>
  </datafield>
  <datafield tag="504" ind1=" " ind2=" ">
    <subfield code="a">Bibliograf&#xED;a p: 295</subfield>
    <subfield code="b">v. 1</subfield>
  </datafield>
  <datafield tag="504" ind1=" " ind2=" ">
    <subfield code="a">Bibliograf&#xED;a p: 507</subfield>
    <subfield code="b">v. 2</subfield>
  </datafield>
  <datafield tag="505" ind1="2" ind2=" ">
    <subfield code="g">&#xCD;ndice:</subfield>
    <subfield code="t">El pr&#xF3;ximo Oriente --</subfield>
    <subfield code="t">Grecia --</subfield>
    <subfield code="t">La biblioteca de Alejandr&#xED;a --</subfield>
    <subfield code="t">Roma --</subfield>
    <subfield code="t">Bizancio --</subfield>
    <subfield code="t">El Islam --</subfield>
    <subfield code="t">La alta edad media --</subfield>
    <subfield code="t">La baja edad media --</subfield>
    <subfield code="t">Renacimiento --</subfield>
    <subfield code="t">Siglo XVI (I) --</subfield>
    <subfield code="t">Siglo XVI (II) Espa&#xF1;a --</subfield>
    <subfield code="t">Siglo XVII (I) --</subfield>
    <subfield code="t">Siglo XVII (II) Espa&#xF1;a --</subfield>
    <subfield code="t">Siglo XVIII (I) --</subfield>
    <subfield code="t">Siglo XVIII (II) Espa&#xF1;a --</subfield>
    <subfield code="t">Siglo XIX (I) --</subfield>
    <subfield code="t">Siglo XIX (II) Espa&#xF1;a --</subfield>
    <subfield code="t">Siglo XX (I) --</subfield>
    <subfield code="t">Siglo XX (II) Espa&#xF1;a hasta la guerra civil --</subfield>
    <subfield code="t">Siglo XX (III) Espa&#xF1;a los &#xFA;ltimos cincuenta a&#xF1;os --</subfield>
  </datafield>
  <datafield tag="942" ind1=" " ind2=" ">
    <subfield code="2">ddc</subfield>
    <subfield code="c">LBS1</subfield>
  </datafield>
  <datafield tag="952" ind1=" " ind2=" ">
    <subfield code="0">0</subfield>
    <subfield code="1">0</subfield>
    <subfield code="5">0</subfield>
    <subfield code="7">1</subfield>
    <subfield code="8">MO</subfield>
    <subfield code="a">GR</subfield>
    <subfield code="b">GR</subfield>
    <subfield code="c">CT</subfield>
    <subfield code="d">2013-04-16</subfield>
    <subfield code="i">LF1</subfield>
    <subfield code="l">0</subfield>
    <subfield code="o">v. 1</subfield>
    <subfield code="p">38621-10</subfield>
    <subfield code="r">2020-06-25</subfield>
    <subfield code="w">2020-06-25</subfield>
    <subfield code="y">1</subfield>
    <subfield code="Z">No se presta</subfield>
  </datafield>
  <datafield tag="952" ind1=" " ind2=" ">
    <subfield code="0">0</subfield>
    <subfield code="1">0</subfield>
    <subfield code="5">0</subfield>
    <subfield code="7">1</subfield>
    <subfield code="8">MO</subfield>
    <subfield code="a">GR</subfield>
    <subfield code="b">GR</subfield>
    <subfield code="c">CT</subfield>
    <subfield code="d">2014-03-25</subfield>
    <subfield code="i">LF1</subfield>
    <subfield code="l">0</subfield>
    <subfield code="o">v. 2</subfield>
    <subfield code="p">38621-20</subfield>
    <subfield code="r">2020-06-25</subfield>
    <subfield code="w">2020-06-25</subfield>
    <subfield code="y">1</subfield>
    <subfield code="Z">No se presta</subfield>
  </datafield>
  <datafield tag="999" ind1=" " ind2=" ">
    <subfield code="c">38111</subfield>
    <subfield code="d">38111</subfield>
  </datafield>
</record>
